Understanding biology

This book covers the introduction and units on cell biology, energy, genetics, evolution, and ecology. It includes also biological diversity, and plant and animal biology

Wedi'i Gadw mewn:
Manylion Llyfryddiaeth
Prif Awdur: Peter H Raven
Fformat: Llyfr
Iaith:Undetermined
Cyhoeddwyd: Dubuque, Iowa WCB.C. Brown 1995
Pynciau:
Tagiau: Ychwanegu Tag
Dim Tagiau, Byddwch y cyntaf i dagio'r cofnod hwn!
Thư viện lưu trữ: Trung tâm Học liệu Trường Đại học Cần Thơ
LEADER 00687nam a2200205Ia 4500
001 CTU_27217
008 210402s9999 xx 000 0 und d
020 |b 219.91Dfl 
082 |a 574 
082 |b R253 
100 |a Peter H Raven 
245 0 |a Understanding biology 
245 0 |c Peter H Raven, George B Johnson 
260 |a Dubuque, Iowa 
260 |b WCB.C. Brown 
260 |c 1995 
520 |a This book covers the introduction and units on cell biology, energy, genetics, evolution, and ecology. It includes also biological diversity, and plant and animal biology 
650 |a biology 
904 |i Minh, 981205 
980 |a Trung tâm Học liệu Trường Đại học Cần Thơ